[Event "EU-chT (Men) 19th"]
[Site "Warsaw"]
[Date "2013.11.09"]
[Round "2.1"]
[White "Mamedyarov, Shakhriyar"]
[Black "Topalov, Veselin"]
[Result "0-1"]
[WhiteElo "2757"]
[BlackElo "2774"]
[Annotator "Krasenkow,Michal"]
[PlyCount "64"]
[EventDate "2013.11.08"]
[EventType "team-swiss"]
[EventRounds "9"]
[EventCountry "POL"]
[SourceTitle "CBM 158"]
[Source "ChessBase"]
[SourceDate "2014.01.16"]
[SourceVersion "1"]
[SourceVersionDate "2014.01.16"]
[SourceQuality "1"]
[WhiteTeam "Azerbaijan"]
[BlackTeam "Bulgaria"]
[WhiteTeamCountry "AZE"]
[BlackTeamCountry "BUL"]

1. d4 d5 2. c4 e6 3. Nc3 Be7 4. cxd5 exd5 5. Bf4 c6 6. e3 Bf5 7. Nge2 {A quiet move, instead of the more aggressive} (7. g4) 7... Nf6 (7... Nd7 {should rather be played first (preventing h2-h4 for the time being)}) 8. Ng3 Bg6 9. h4 h5 10. Bg5 $146 {A new continuation in this well-known position. It is not bad but GM Shakhriyar Mamedyarov misplays the resulting position completely.} (10. Be2 Qb6 (10... Nbd7 $5 11. Bf3 Qb6 (11... Qa5 12. a3 Nb6 13. b4 Qa6 14. Be2 Nc4 15. Bg5 $14 {1-0 (49) McShane,L (2546)-Berkes,F (2545) Goa 2002}) 12. Qe2 Kf8 13. Kf1 Re8 14. Kg1 Kg8 {1/2 (14) Drozdovskij,Y (2550)-Zakharevich,I (2523) Moscow 2006}) 11. Qd2 Nbd7 12. a3 (12. Bf3 Qa6 13. Rd1 Nb6 14. Bg5 Rd8 15. b3 Nbd7 16. Nce2 Qa3 17. O-O Bb4 $36 {0-1 (73) Vaganian,R (2570)-Giorgadze,T (2535) Minsk 1979}) 12... a5 13. Rc1 (13. Rd1 O-O 14. Bf3 Rfe8 15. Bg5 Bd6 16. Nce2 Ne4 17. Bxe4 dxe4 18. O-O a4 19. Nc3 Bxg3 20. fxg3 Qa5 $11 {1-0 (69) Caruana,F (2772)-Kasimdzhanov,R (2709) Zug 2013}) 13... Qd8 (13... Kf8 14. O-O Qd8 15. Qd1 Nb6 16. Bg5 Nfd7 17. f4 Bxg5 18. fxg5 $14 {1-0 (34) Dreev,A (2658)-Doettling,F (2542) France 2007}) 14. Qd1 Kf8 $5 15. Bf3 Kg8 16. O-O Nf8 17. Qb3 Ra7 18. e4 $5 a4 19. Qd1 dxe4 20. Ngxe4 Nxe4 21. Nxe4 Bxh4 22. d5 $13 {1/2 (22) Sadler,M (2665)-Baburin,A (2570) Isle of Man 1997 CBM 061 [Baburin]}) (10. Bd3 $5 {, getting rid of Black's powerful bishop and then preparing f2-f3 and e3-e4, is probably more appropriate, e.g.} Bxd3 11. Qxd3 g6 12. O-O-O (12. e4 dxe4 13. Ngxe4 Nxe4 14. Qxe4 Nd7 15. d5 Nf6 $13 {1/2 (36) Delchev,A (2637)-Franco Alonso,A (2483) Linares ESP 2013}) 12... Na6 (12... Nbd7 13. e4 dxe4 14. Ngxe4 O-O (14... Nxe4 15. Nxe4 Nf6 $6 16. Nxf6+ Bxf6 17. Qa3 $16 {1-0 (51) Lalic,B (2514)-Carlhammar,M (2324) Paris 2008}) 15. f3 Qa5 16. g4 $40 {Chekhov, V (2505)-Timoshchenko, G (2490) USSR 1987}) 13. Kb1 Qd7 (13... Qa5 14. Bg5 {1-0 (24) Portisch,L-Pietzsch,W Kecskemet 1966} O-O $14) 14. f3 $14 {[%cal Ye3e4]}) 10... Nbd7 11. Be2 (11. Bd3 {may be still possible but White's idea is completely different.}) 11... Ne4 {A logical simplification.} (11... Qb6 $5 12. Qd2 Nf8 {[%cal Yf8e6] needs checking, too.}) 12. Ngxe4 (12. Ncxe4 $5 dxe4 13. Bxe7 Qxe7 14. Nxh5 $5 Bxh5 15. Bxh5 g6 (15... Qb4+ 16. Kf1 Qxb2 17. Be2 {[%csl Re8][%cal Gb1b7]}) 16. Be2 Rxh4 17. Rxh4 Qxh4 18. Qb3 Nb6 19. Rc1 {, and White keeps some pressure.}) 12... dxe4 13. Bxe7 Qxe7 14. Qb3 b5 $146 {A risky move.} ({There was nothing wrong with} 14... Nb6 {Black probably didn't like} 15. a4 {, overlooking a good defence:} f5 $1 16. a5 Bf7 17. Qa3 Nd5 $14 {/=}) ({RR} 14... Nf6 15. O-O-O O-O 16. d5 cxd5 17. Nxd5 Nxd5 18. Rxd5 Rfd8 19. Rhd1 Qxh4 20. Rxd8+ Rxd8 21. Rxd8+ Qxd8 22. Qxb7 Qf6 23. f4 exf3 24. Bxf3 Qf5 25. e4 Qf4+ 26. Kd1 h4 27. Ke2 Qe5 28. Qxa7 Qxb2+ 29. Ke3 {Lupulescu,C (2581)-Meier,G (2628) chess.com INT 2023 ½-½ (45)}) ({RR} 14... Nf6 15. O-O-O O-O 16. d5 cxd5 17. Nxd5 Nxd5 18. Rxd5 Rfd8 19. Rhd1 Qxh4 20. Rxd8+ Rxd8 21. Rxd8+ Qxd8 22. Qxb7 Qf6 23. f4 exf3 24. Bxf3 Qf5 25. e4 Qf4+ 26. Kd1 h4 27. Ke2 Qe5 28. Qxa7 Qxb2+ 29. Ke3 {Lupulescu,C (2581)-Meier,G (2628) chess.com INT 2023 ½-½ (45)}) 15. Rc1 O-O 16. g3 Nf6 17. a4 $1 a6 18. Na2 Rfc8 19. O-O $6 {[%mdl 32]} (19. Nb4 $142 $1 $36) 19... Bf5 20. Nb4 Be6 {That's the difference!} 21. Qa3 $6 (21. Qc3 $142 c5 (21... Qd7 22. Qc5) 22. dxc5 a5 23. Nc6 $1 Rxc6 24. axb5 Rcc8 25. Rfd1 $44) 21... Qd7 $1 {[%cal Ye6g4] It turns out that White's king is less safe on the kingside than it was in the centre!} 22. axb5 $6 {Another unwise idea - to open up the a-file.} (22. Qc3 $142 Bc4 23. Bxc4 bxc4 24. Kg2) 22... axb5 23. Qc3 Bc4 $1 24. Bxc4 bxc4 {[%cal Rd7h3]} 25. Kg2 Rcb8 $1 {That's the difference! Black obtains the initiative on the queenside, too.} 26. Ra1 (26. Qxc4 $4 Ra4) 26... Rxa1 27. Rxa1 Nd5 28. Nxd5 cxd5 $17 {[%csl Rb2,Rg2]} 29. Qd2 Qg4 30. Re1 Qf3+ 31. Kh2 Kh7 $1 {White is completely passive so Black activates his king for a future ending.} 32. Qe2 Kg6 {Disgusted, White chose to resign. Black should gradually win, preparing ...g7-g5, e.g.} (32... Kg6 33. Qc2 (33. Qxf3 $2 exf3 {[%cal Rb8b2]}) 33... Kf5 34. Qd2 {(White has no active moves)} (34. Ra1 g5 35. Ra5 gxh4 36. Rxd5+ Kg4 $19) 34... g5 35. Rg1 $1 (35. hxg5 h4 36. gxh4 Rh8) 35... Kg6 {then at some point ...f3-g4 forcing the exchange on g5, then preparing ...h5-h4 etc. But, of course, White could have put up a long resistance.} (35... Rg8 $6 {was not good due to} 36. Qa5)) 0-1

[Event "Bundesliga 0506"]
[Site "Germany"]
[Date "2006.03.11"]
[Round "12.1"]
[White "McShane, Luke J"]
[Black "Lutz, Christopher"]
[Result "1-0"]
[WhiteElo "2605"]
[BlackElo "2609"]
[Annotator "Dautov,Rustem"]
[PlyCount "115"]
[EventDate "2005.10.21"]
[EventType "team-tourn"]
[EventRounds "15"]
[EventCountry "GER"]
[SourceTitle "CBM 112"]
[Source "ChessBase"]
[SourceDate "2006.06.07"]
[SourceVersion "1"]
[SourceVersionDate "2006.06.07"]
[SourceQuality "1"]
[WhiteTeam "Werder Bremen"]
[BlackTeam "Porz"]
[WhiteTeamCountry "GER"]
[BlackTeamCountry "GER"]

1. d4 d5 2. c4 e6 3. Nc3 Be7 4. cxd5 exd5 5. Bf4 c6 6. e3 Bf5 7. Nge2 Nd7 8. Ng3 Bg6 9. Be2 Qb6 (9... Ngf6 10. h4 h5 11. a3 a5 12. Rc1 Kf8 13. O-O Kg8 14. f3 Nb6 15. Bd3 Bxd3 16. Qxd3 g6 17. Nge2 Ne8 18. g3 Qd7 19. e4 Bf6 20. Rce1 Ng7 21. Bc1 Ne6 22. e5 Be7 $11 {Khalifman,A (2690)-Doettling,F (2509)/Deutschland 2001}) 10. Qd2 Ngf6 11. h4 h5 12. Bg5 Bd6 ({RR} 12... a5 13. O-O Bd6 14. Bf4 Be7 15. f3 O-O 16. e4 Rfe8 17. Bg5 dxe4 18. fxe4 Bb4 19. Bxf6 Nxf6 20. Rxf6 gxf6 21. Bxh5 Rad8 22. Bxg6 fxg6 23. Qh6 Qxd4+ 24. Kh1 Qd7 25. Qxg6+ Qg7 26. Qxg7+ Kxg7 27. Rf1 {Moroni,L (2563)-Azarov,S (2557) chess.com INT 2026 1-0 (49)}) 13. Bf4 Be7 14. Bf3 ({RR} 14. a3 a5 15. O-O O-O 16. Bd3 Bxd3 17. Qxd3 Rfe8 18. Nf5 Bf8 19. f3 Re6 20. Qc2 Qa6 21. e4 dxe4 22. fxe4 Rae8 23. e5 Ng4 24. Ne4 Qb6 25. Ng5 Rg6 26. Kh1 c5 27. Qc4 Ree6 28. Nxe6 Rxe6 {Juhnke,K (2320)-Saacke,B (2380) Germany 1982 1-0 (42)}) 14... Qa6 15. a3 $146 (15. Rd1 Nb6 16. Bg5 Rd8 17. b3 Nbd7 18. Nce2 Qa3 19. O-O Bb4 20. Nc3 Qa5 21. Rc1 O-O 22. a4 Rde8 $11 {Vaganian,R (2570)-Giorgadze,T (2535)/Minsk 1979/URS-ch}) 15... Nb6 (15... Qd3 16. Qxd3 Bxd3 17. O-O-O Bg6 18. Bg5 Rc8 19. Nge2 Bf5 20. Ng3 Bg6 21. Nge2 Bf5 22. Ng3 {½-½ Hort,V (2560)-Morovic Fernandez,I (2450)/Tunis 1985}) 16. b3 Qd3 17. Bg5 Qxd2+ 18. Kxd2 a5 19. Nce2 $1 {[%mdl 32] Weiß fährt eine langfristige Strategie, er will den gegnerischen Königsflügel schwächen und diese Schwäche später ausnutzen.} (19. Bxf6 $5 Bxf6 20. Nce2) 19... a4 20. b4 Nc4+ 21. Kc3 Nd6 {In Frage kam 21...g4, womit Schwarz für die Sicherheit seines anfälligen Bauern h5 sorgen könnte.} (21... Ng4 $5 22. Bxe7 Kxe7 23. Bxg4 hxg4 24. h5 (24. Nf4 Bh7) 24... Bh7 25. Rh4 f5 26. Nf4 Kf6 $11) 22. Bxf6 (22. Nf4 $5 Nfe4+ 23. Bxe4 Bxe4 24. f3 Bg6 25. Nxg6 fxg6 26. Bxe7 Kxe7 27. Kd3 $14) 22... Bxf6 23. Nf4 Be7 24. Kd2 Nc4+ 25. Kc3 Nd6 26. Raf1 Nc4 27. Nxg6 fxg6 28. Ra1 O-O 29. Ne2 $1 $14 {Weiß hat sein Ziel erreicht, im gegnerischen Lager entstand eine Schwäche, der g6. Nun gruppiert McShane seine Figuren um, um diese ins Visier zu nehmen.} Bd6 30. Nc1 Rf7 (30... Ne5 $5 31. Rh3 Nxf3 32. gxf3 $14) 31. Nd3 Raf8 32. Rh3 Be7 33. Ra2 b5 {Dieser Zug war wegen der Angriffsmöglichkeit d1 eher nicht zu vermeiden.} 34. Bd1 Kh7 35. g3 Nd6 $2 {Nach dieser zweifelhaften Springerüberführung verschlechtert sich die schwarze Stellung sehr schnell. Christopher hätte sich nach 35...d6! aufs passive Abwarten beschränken. sollen.} (35... Bd6 $1 36. Nf4 Bxf4 37. gxf4 Rf6 38. Bc2 Kh6 39. Rg3 Nd6 $14) 36. Nf4 {Dieser starker Springer darf von Schwarz nicht lange ausgehalten werden.} Ne4+ 37. Kd3 Rf6 $2 {Es war noch nicht zu spät, den Hauptfeind zu eliminieren.} (37... Bd6 $1 38. Rc2 Bxf4 39. gxf4 Rc8 $14 {d6-c4}) 38. Rc2 $16 {Zu allem Unglück wird noch der Bauer c6 schwach.} Rd6 39. Rh1 Nf6 40. Be2 Nd7 41. Kc3 $1 {Der weiße Läufer erreicht sein Traumfeld d3.} Nb6 42. Bd3 Kh6 43. g4 $1 $18 {Diese hübsche Kombination gewinnt Material.} hxg4 44. h5 Bh4 (44... Rxf4 45. hxg6+ Kg5 46. exf4+ Kxf4 47. Rh5 Rf6 48. Re2 $18) (44... g5 45. Ng6 Re6 (45... Re8 46. Ne5 $18) 46. Nxf8 Bxf8 47. Bf5 $18) 45. Nxg6 Rxg6 46. hxg6 Kg5 47. f4+ gxf3 48. Rg1+ Kf6 49. Rh2 Rh8 50. Rhh1 $1 Nc4 51. Rg4 Bf2 52. Rxh8 Be1+ 53. Kc2 Nxe3+ 54. Kb1 Nxg4 55. Rf8+ Kg5 56. Rf5+ Kh4 57. Rxf3 Bf2 58. Bf5 1-0

[Event "Poikovsky Karpov 06th"]
[Site "Poikovsky"]
[Date "2005.02.28"]
[Round "3"]
[White "Dreev, Alexey"]
[Black "Vaganian, Rafael A"]
[Result "1/2-1/2"]
[WhiteElo "2704"]
[BlackElo "2670"]
[Annotator "Dautov,Rustem"]
[PlyCount "137"]
[EventDate "2005.02.26"]
[EventType "tourn"]
[EventRounds "9"]
[EventCountry "RUS"]
[EventCategory "18"]
[SourceTitle "CBM 106"]
[Source "ChessBase"]
[SourceDate "2005.06.06"]
[SourceVersion "1"]
[SourceVersionDate "2005.06.06"]
[SourceQuality "1"]

1. d4 d5 2. c4 e6 3. Nc3 Be7 4. cxd5 exd5 5. Bf4 c6 6. e3 Bf5 7. Nge2 Nd7 8. h3 Ngf6 {Häufiger versucht hier Schwarz, das kommende g2-g4 zu erschweren. Vaganian spielte bereits selbst die anderen plausiblen Züge 8...h5 und 8...g6.} (8... h5 9. Nc1 Nb6 10. Bd3 Bxd3 11. Nxd3 Bd6 12. O-O Bxf4 13. exf4 Nf6 14. Re1+ Kf8 15. a4 Nc4 16. Ne5 Nd6 $13 {Speelman,J-Vaganian,R/Tilburg 1993}) (8... Bg6 9. Bh2 Ngf6 10. Nf4 Ne4 11. Nxg6 Nxc3 12. bxc3 hxg6 13. Bd3 b5 14. a4 a6 15. O-O O-O 16. e4 $14 {Bischoff,K-Vaganian,R/BL 0405}) ({RR} 8... Qb6 9. Qd2 Ngf6 10. Ng3 Bg6 11. a3 h5 12. Bd3 Nf8 13. Nf5 Bxf5 14. Bxf5 g6 15. Bd3 Ne6 16. Be5 O-O 17. g4 h4 18. O-O Nh7 19. Qc2 Bf6 20. f4 Bxe5 21. fxe5 Rad8 22. b4 Nxd4 23. exd4 {Cojocari,D (2136)-Goroshkov,M (2350) Eforie Nord ROU 2025 ½-½ (60)}) ({RR} 8... Bg6 9. Bh2 Ngf6 10. Nf4 Ne4 11. Nxg6 Nxc3 12. bxc3 hxg6 13. Bd3 b5 14. a4 a6 15. O-O O-O 16. e4 Nb6 17. exd5 Nxd5 18. Qb3 Bd6 19. Bxd6 Qxd6 20. Be4 Nb6 21. axb5 axb5 22. Qb4 {½-½ (22) Bischoff,K (2559)-Vaganian,R (2640) Germany 2004}) 9. g4 ({RR} 9. Ng3 Bg6 10. Bd3 Bxd3 11. Qxd3 O-O 12. Nf5 Re8 13. O-O Bf8 14. f3 Qb6 15. b3 c5 16. Na4 Qe6 17. dxc5 Nxc5 18. Nxc5 Bxc5 19. Rac1 Rac8 20. Rfd1 a6 21. Kh1 h6 22. Rc2 Ba3 23. Nd4 Qe7 {Riazantsev,A (2650)-Bacrot,E (2725) Riadh 2017 0-1 (54)}) 9... Be4 10. Rg1 h6 $146 (10... Bf3 11. Rg3 Bxe2 12. Bxe2 Bb4 13. f3 Qe7 14. Rg2 Bd6 15. Bxd6 Qxd6 16. e4 dxe4 17. fxe4 Qe7 18. Qc2 O-O-O 19. O-O-O $14 {Vaisser,A-Timoscenko,G/Frunze 1987}) (10... Qb6 11. Qd2 Bf3 12. Ng3 g6 13. Bd3 {Malaniuk,V-Timoscenko,G/Tashkent 1987} h6 $5 $11) (10... Nf8 11. Ng3 Ne6 12. Be5 Ng5 13. Ngxe4 Ngxe4 14. Bd3 Bd6 15. Bxe4 Bxe5 16. Bd3 Bh2 17. Rg2 Bd6 18. g5 Nd7 $11 {Moskalenko,V-Grigoriants,S/Yalta 1996}) ({RR} 10... Qb6 11. Qd2 Bf3 12. Ng3 g6 13. Bd3 h5 14. g5 Nh7 15. h4 a5 16. Nf1 Bg4 17. Qc2 Nhf8 18. Nh2 Be6 19. O-O-O a4 20. Kb1 a3 21. b3 Qa5 22. Rc1 Bb4 23. Nf3 Rc8 24. Na4 b6 25. e4 {Malaniuk,V (2545)-Timoscenko,G (2495) Tashkent 1987 1-0 (32)}) ({RR} 10... Bf3 11. Rg3 Bxe2 12. Bxe2 Bb4 13. f3 Qe7 14. Rg2 Bd6 15. Bxd6 Qxd6 16. e4 dxe4 17. fxe4 Qe7 18. Qc2 O-O-O 19. O-O-O Kb8 20. Kb1 Nb6 21. Rf2 h6 22. Rf5 Rd7 23. a4 Qb4 24. a5 Nc4 25. Bxc4 {Vaisser,A (2490)-Timoscenko,G (2490) Frunze 1987 ½-½ (49)}) 11. Ng3 Qb6 12. Ngxe4 Nxe4 13. Qc2 Qa5 14. Bd3 Ng5 $1 {[%mdl 32] Vaganians Idee besteht darin, seinen Springer nach h4 bringen, um kurz rochieren zu können.} ({Nach} 14... Nxc3 15. bxc3 $14 {hat es Schwarz nicht leicht, einen guten Platz für seinen König zu finden, da beide Rochademöglichkeiten zu gefährlich erscheinen. Der weiße König fühlt sich dagegen sehr wohl auf e2 oder f1.}) 15. Rh1 Nf3+ 16. Ke2 Nh4 17. Rhg1 Qd8 18. Qb3 Nb6 19. a4 a5 20. Nb1 O-O $11 {Nach jeder Menge Prophylaxe kann Schwarz endlich rochieren.} 21. Nd2 Re8 22. Bg3 Ra7 {Der Springer b6 wird befreit.} 23. Bxh4 (23. Nf3 Nd7 $11 (23... Nc8 $2 24. Bb8 $16)) 23... Bxh4 24. Nf3 Nd7 {Der Springer strebt nach f8, um den schwarzen König zu schützen. In Frage kam seine Überführung nach d6.} (24... Nc8 $5 25. Rg2 Nd6 (25... Bf6 $5) 26. g5 Bxg5 27. Nxg5 hxg5 28. Rag1 Ne4 29. Bxe4 Rxe4 30. Rxg5 g6 $11) 25. Rg2 Nf8 26. Kf1 Bf6 (26... Ne6 27. Bf5) 27. Rh2 g6 $5 {Die Aufhebung der Blockade auf h4 war nicht notwendig, aber Vaganian hat früh erkannt, daß die entstehende Schwäche auf f5 keine Rolle spielen wird.} (27... Bh4 28. Nxh4 Qxh4 29. Qb6 Rea8 30. Rc1 Ng6 $11) 28. h4 Bg7 29. h5 g5 30. Kg2 Nd7 31. Rhh1 Nb6 32. Nh2 Bf8 $1 {Das simple 32...c8 wäre den meisten gut genug, aber Vaganian findet etwas Besseres.} (32... Nc8 $5 33. Nf1 Nd6 34. Ng3 Ra8 $11) 33. Nf1 Bd6 34. Rh3 Nd7 35. Bf5 Nf6 36. Nd2 b6 $6 {Schwarz geht an seine Chance vorbei, 36...a6! hätte ihn in Vorteil gebracht.} (36... Ra6 $1 37. Qc2 Rb6 $15) 37. Rd1 Rae7 38. Nb1 Bb4 39. Nc3 Bxc3 $6 (39... Qd6 $5 $11) 40. Qxc3 Qd6 41. Rc1 Rc7 42. Rhh1 Ne4 43. Qb3 c5 44. dxc5 Nxc5 (44... bxc5 $1 45. Rhd1 Nf6 46. Qb5 Ra8 $11) 45. Qb5 $14 Rce7 46. Rcd1 Re5 47. Rd4 Rd8 48. Rc1 Kg7 49. b4 axb4 50. Qxb4 (50. Rxb4 Rxf5 $1 51. gxf5 Nd3 $11) 50... Ne6 51. Qxd6 Rxd6 52. Rb4 d4 $1 {Nach einigen Ungenauigkeiten muß Schwarz nach einem Rettungsweg suchen, und wie so oft läßt sich dieser in einem Turmendspiel finden.} (52... Nc5 53. Rcb1 $16) 53. Rd1 Rc5 54. Bxe6 (54. exd4 Nf4+ 55. Kf1 Rc3 $132) 54... Rxe6 55. Rdxd4 (55. Rbxd4 b5 $1) (55. exd4 Rc2) 55... Rc2 56. Kg3 Rf6 57. f3 Rc3 58. Re4 Rd6 59. Rbd4 Rxd4 60. exd4 Ra3 61. d5 Rd3 62. Rb4 Rxd5 63. Rxb6 Rd4 $1 $11 64. a5 Ra4 65. Rb5 Ra2 66. Rf5 Kg8 67. Rf6 Kg7 68. Ra6 Kh7 69. Ra7 1/2-1/2

[Event "FIDE World Cup 13-16"]
[Site "Khanty-Mansiysk"]
[Date "2005.12.12"]
[Round "6.1"]
[White "Dreev, Alexey"]
[Black "Sakaev, Konstantin"]
[Result "1-0"]
[WhiteElo "2694"]
[BlackElo "2668"]
[Annotator "Dautov,Rustem"]
[PlyCount "77"]
[EventDate "2005.11.27"]
[EventType "k.o."]
[EventRounds "7"]
[EventCountry "RUS"]
[SourceTitle "CBM 111"]
[Source "ChessBase"]
[SourceDate "2006.04.04"]
[SourceVersion "1"]
[SourceVersionDate "2006.04.04"]
[SourceQuality "1"]

1. d4 {[%mdl 8]} d5 2. c4 c6 3. Nc3 e6 4. e4 dxe4 5. Nxe4 Bb4+ 6. Bd2 Qxd4 7. Bxb4 Qxe4+ 8. Be2 Na6 9. Ba5 f6 10. Nf3 (10. Qd8+ Kf7 11. O-O-O $13) 10... b6 11. Bc3 Ne7 12. O-O O-O (12... e5 13. Nxe5 $5 fxe5 14. Bh5+ g6 15. Re1 Qh4 16. Rxe5 gxh5 17. Qd6 Bd7 $2 (17... O-O $1 18. g3 Qf6 $11) 18. Rd1 O-O-O 19. Rxe7 Rhf8 20. f3 Qxc4 21. Rxd7 $16 {Najer,E (2615)-Geller,J (2496)/Sochi 2005}) 13. Re1 e5 (13... Qf4 $6 14. b4 Qc7 15. Bd3 Rf7 16. Qc2 h6 17. a3 (17. Rad1 $1 Bd7 18. c5 b5 19. Qe2 e5 20. Bxe5 fxe5 21. Nxe5 Nd5 22. Nxf7 Kxf7 23. Bxb5 $16) 17... Bd7 18. Re3 $6 (18. c5 Qb7 19. Qe2 Nc7 20. Qe4 g6 $13) (18. Rad1 $1 Rd8 19. Qe2 $44) 18... Nf5 19. Re2 Rd8 20. Rae1 $44 {Cvitan,O (2481)-Kharlov,A (2628)/Warsaw 2005}) 14. b4 $1 (14. Bd3 Qg4 15. Qc2 Bf5 16. h3 Qg6 17. Bxf5 Qxf5 $17 {Volkov,S (2629)-Timofeev,A (2591)/playchess.com 2004}) 14... Bf5 15. Qa4 Nc7 16. Rad1 $146 {Der erste neue Zug in dieser populären Variante. Weiß hat ohne Zweifel Kompensation, dennoch sollte Schwarz mit seinen gut entwickelten Figuren nicht schlechter stehen.} (16. Bf1 Qg4 $1 (16... Qf4 $2 17. Nxe5 $1 (17. Bd2 Qg4 18. h3 Qg6 19. Nh4 Qe8 20. f4 Qd7 21. Bc3 $44 {Volkov,S (2636)-Smirnov,P (2539)/Panormo 2002}) 17... fxe5 18. Bxe5 Qd2 19. Rad1 $16)) 16... Ne6 $146 {Ein normaler Zug, aber auch 16...a6 verdient Beachtung.} ({RR} 16... Be6 17. Bd3 Qg4 18. Re4 Qg6 19. Rxe5 Qf7 20. Ree1 Bg4 21. Be2 b5 22. Qa5 Ng6 23. h3 Be6 24. Nd4 Nf4 25. Nxe6 Nxe2+ 26. Rxe2 Nxe6 27. cxb5 Qh5 28. Rdd2 Nf4 29. Re4 Qg5 30. Rxf4 Qxf4 31. bxc6 {Raahul,V (2259)-Krishna Teja,N (2378) Arandjelovac 2021 1-0 (45)}) ({RR} 16... Be6 17. Bd3 Qg4 18. Re4 Qg6 19. Rxe5 Qf7 20. Ree1 Bg4 21. Be2 b5 22. Qa5 Ng6 23. h3 Be6 24. Nd4 Nf4 25. Nxe6 Nxe2+ 26. Rxe2 Nxe6 27. cxb5 Qh5 28. Rdd2 Nf4 29. Re4 Qg5 30. Rxf4 Qxf4 31. bxc6 {Raahul,V (2259)-Krishna Teja,N (2378) Arandjelovac 2021 1-0 (45)}) 17. Rd6 Rfd8 18. Nd2 Qh4 {In Frage kam auch 18...f4.} (18... Qf4 19. Rxd8+ Nxd8 20. Bf3 Ne6 21. Ne4 (21. Qa6 Ng5 $17) 21... Bxe4 22. Bxe4 Ng5 23. Bxc6 Rd8 24. b5 Rc8 $11) 19. Rxd8+ Nxd8 20. Bf3 Ne6 {Sakaev erlaubt das Eindringen der weißen Dame nach b7 und setzt auf sein Gegenspiel im Zentrum.} (20... a6 21. g3 Qg5 22. b5 $44) (20... a5 21. bxa5 bxa5 22. Nb3 $44) 21. Qa6 Ng5 {Kein schöner Zug, denn bald wird der Springer zurückkehren müssen. Andererseitsi ist es nicht leicht, die beste Fortsetzung für Schwarz zu finden, während die weißen Angriffsideen auf der Hand liegen.} (21... Nd4 22. Qb7 Re8 23. Be4 Qg5 24. Qxa7 b5 25. a4 $14) (21... Kf8 22. b5 $1 (22. Qb7 $2 Rd8 23. Qxa7 Rd3 $17) 22... Nc5 23. Qa3 Rc8 (23... a5 $5 24. g3 Qh6 25. bxc6 Rc8 $13) (23... Bg4 24. Be4 Kf7 25. bxc6 $14) 24. g3 Qg5 25. Qxa7 Nd3 26. Re3 cxb5 27. Rxd3 $1 Bxd3 28. Bb4 f5 29. Qd7 $18) (21... Nf4 22. Qb7 Re8 23. g3 $1 Nh3+ 24. Kg2 Qg5 25. Qxa7 Nf4+ 26. Kg1 b5 27. a4 $14) 22. Qb7 Re8 23. Be2 Ne6 (23... c5 24. bxc5 bxc5 25. Qxa7 Ne6 26. Bf3 $14) 24. g3 $14 Qh6 25. Qxa7 Nd4 $2 {Weiß gewann den Bauern zurück, und es war höchste Zeit, das Gegenspiel in der d-Linie zu starten- 25...c8! nebst 26...d8.} (25... Nc8 $1 26. Qd7 Rd8 27. Qxc6 Nd4 28. Qc7 Nxe2+ 29. Rxe2 Rd3 30. Nf1 Bh3 $44) 26. Qxb6 Nxe2+ 27. Rxe2 $16 {Hier hat Schwarz kein vollwertiges Gegenspiel auf den weißen Feldern.} Qh3 28. f3 h5 29. a4 h4 30. Qf2 hxg3 31. hxg3 Bd3 32. Re1 Qe6 33. b5 $2 {Die letzten Züge geschahen sicher in Zeitnot, und beide Gegner waren nicht auf der Höhe.} (33. f4 $1 $16) 33... cxb5 34. cxb5 Rc8 35. Bb4 Nd5 36. Ba5 Rc2 $11 37. b6 Rb2 (37... Qc6 $1 $15) 38. Qd4 Qh3 $4 (38... Qxb6 39. Qxb6 Nxb6 $11) 39. Qxd5+ 1-0